| 000 | 00443cam a2200169ua 4500 | ||
|---|---|---|---|
| 041 |
_aeng _h |
||
| 082 |
_a822 _bDEN/IN |
||
| 100 | _aDent, Antony . | ||
| 245 |
_aInternational plays / _cAntony Dent. _hTextual Documents |
||
| 260 |
_aLondon : _bJ M Dent and Sons Ltd , _c1960. |
||
| 300 | _a304 ; . | ||
| 440 | 0 |
_aEveryman`s Library, _v989 _x; |
|
| 490 | 0 |
_aEveryman`s Library, _v989 _x; |
|
| 504 | _a | ||
| 942 | _cBK | ||
| 999 |
_c5845 _d5845 |
||